01083nam a22002417a 45000010005000000030006000050050017000110080041000280200018000690400029000870500018001160820010001341000027001442450039001712600046002103000039002564900022002955050007003175200454003245210018007785210018007966500027008149157FISKH20251126093148.0251126b cb ||||| |||| 00| 0 eng d a9780194790864 aFISKHbengcFISKHdFISKH aPE1126.A4 D34 a428.6 aDainty, Peter eAuthor aThe love of a king /cPeter Dainty aOxford :bOxford University Press ,c1989 a56 pages :billustrations ;c20 cm aOxford Bookworms  aJ  aAll he wanted to do was to marry the woman he loved. But his country said 'No!' He was Edward VIII, King of Great Britain, King of India, King of Australia, and King of thirty-nine other countries. And he loved the wrong woman. She was beautiful and she loved him - but she was already married to another man. It was a love story that shook the world. The King had to choose: to be King, or to have love . . . and leave his country, never to return.8 a480 bLexile 8 aJ bRaz-Plus  aLove storyvElementary